000 00465nam a2200181Ia 4500
008 180921t2005 xxu||||| |||| 00| 0 sin d
041 _asin
080 _a599.5
_bJIN
100 _aJinadasa, J.
245 _aතල්මහ සංරක්ෂණය
246 _aThalmaha sanrakshanaya
260 _bS. Godage
_aColombo
_c2005
300 _a191p., ill., 30 cm
650 _aWhale
942 _cBK
999 _c14265
_d14265
003 LK-CoDNM
040 _aLK-CoDNM
_dLK-CoDNM
_eLK-CoDNM